Top 50 biggest cities in Sweden. - Statistics

General Stats
  • This quiz has been taken 54 times
  • The average score is 26 of 50
Answer Stats
Rank Population City % Correct
3 325 069 Malmö
100%
1 1 617 407 Stockholm
100%
2 607 882 Göteborg
96%
4 166 698 Uppsala
93%
12 91 916 Umeå
91%
7 115 682 Linköping
84%
9 100 579 Jönköping
82%
23 49 123 Luleå
82%
10 98 088 Norrköping
82%
6 126 604 Örebro
80%
5 128 660 Västerås
80%
8 113 828 Helsingborg
78%
13 79 004 Gävle
71%
19 67 122 Karlstad
71%
20 58 813 Sundsvall
67%
47 24 951 Visby
67%
25 41 852 Kalmar
64%
11 94 393 Lund
64%
14 76 320 Södertälje
62%
16 71 422 Halmstad
58%
17 71 282 Växjö
58%
15 74 042 Borås
56%
21 52 980 Östersund
53%
30 36 904 Karlskrona
49%
31 36 388 Skellefteå
49%
28 39 492 Falun
47%
18 69 948 Eskilstuna
44%
26 41 299 Kristianstad
44%
22 50 502 Trollhättan
44%
24 44 898 Borlänge
42%
29 38 780 Nyköping
42%
32 36 327 Varberg
42%
40 28 747 Falkenberg
38%
37 31 340 Motala
36%
38 30 808 Trelleborg
36%
27 39 580 Skövde
33%
35 33 466 Landskrona
31%
33 35 916 Uddevalla
29%
46 25 071 Enköping
27%
36 33 348 Örnsköldsvik
27%
43 27 360 Karlskoga
24%
49 24 483 Katrineholm
22%
50 24 071 Kungsbacka
22%
45 25 344 Sandviken
20%
39 29 490 Ängelholm
18%
42 27 433 Allingsås
16%
34 35 747 Åkersberga
13%
44 26 960 Kungälv
11%
48 24 558 Vänersborg
9%
41 28 520 Lerum
7%
No matching quizzes found
Score Distribution
Percent of People with Each Score
Percentile by Number Answered
Your Score History
You have not taken this quiz